| 000 | 00751nam a2200229 u 4500 | ||
|---|---|---|---|
| 005 | 20240925070110.0 | ||
| 008 | 100827s2002 r 000 0 eng d | ||
| 020 | _a9507530924 | ||
| 035 | _aUPN01000177541 | ||
| 049 | _aI | ||
| 050 | 4 |
_aPZ74.1 _bR4.3 |
|
| 100 | 1 |
_aRepún, Graciela Beatriz, _d1951- _932429 |
|
| 245 | 1 | 3 |
_aLa copa de oro ; El río de las palabras : _bversiones libres de cuentos populares / _cGraciela Repún. |
| 260 |
_aBuenos Aires : _bCántaro, _c2002. |
||
| 300 |
_a62 p. : _bil. col. |
||
| 440 | 0 |
_aHora de lectura. _v13. _pA partir de los 10 años |
|
| 650 | 4 |
_aCuentos infantiles _96744 |
|
| 650 | 4 |
_aValores _9308 |
|
| 650 | 4 |
_aLibros y lectura para niños _92290 |
|
| 740 | 3 | _aEl río de las palabras | |
| 905 | _aInfantil | ||
| 999 |
_c149644 _d149644 |
||